01718agaaa2200301 45000010005000000030009000050050017000140070009000310080040000400400023000800410013001031000053001161300022001692450185001912500022003762600133003983000033005315080205005645110091007695200217008605380016010775460013010936500054011067000065011607000067012257000056012927000068013485892IT-RoPAU20220918181232.0d cvaizq50131s9999||||xx ||| | || ||und|| aIT-RoPAUcIT-RoPAU aITALIANO aArchibugi FrancescagCodice regista SPICS: 33435 aMIGNON E' PARTITA aMIGNON E' PARTITAcSceneggiatura: Archibugi Francesca Malatesta Gloria Sbarigia Claudia -- Diretto da: Archibugi FrancescapMIGNON E' PARTITA (Rif. Codice opera principale : 95892) aEdizione Standard aROMA - PARIGI (ITALIA)bELLEPI FILM - RAI TRE - CHRYSALIDE / Distribuzione: RAIg"1988 (1° ed.: 1991 ; Ed. Lingua Orig.: 1988)" aVHSbsonoro, col.c96 minuti a"Fotografia: Verga Luigi; Montaggio: Muschietti Alfredo; Musica: Gatto Roberto; Sceneggiatura: Archibugi Francesca Malatesta Gloria Sbarigia Claudia; Soggetto: Archibugi Francesca -- Sbarigia Claudia" a"Beauvallet Celine; Ruta Leonardo; Sandrelli Stefania; Antonelli Francesca; Zaccaria " aMIGNON QUINDICENNE PARIGINA GIUNGE A ROMA E S'INSTALLA DAI CUGINI FORBICIONI ZIA LAURA HA CINQUE FIGLI UNO DI QUESTI GIORGIO TREDICENNE S'INNAMORA DELLA CUGINETTA MA UN GIORNO LA SCOPRE TRA LE BRACCIA DI CACIO... aPAL, STEREO aITALIANO aCOMMEDIAeFILMS [VHS]xCodice MATERIA SPICS: 9960 aArchibugi Francesca e(regista)gCodice regista SPICS: 33435 aArchibugi Francesca e(soggetto)gCodice Soggetto SPICS: 33435 aGatto Robertoe(musica)gCodice Musica SPICS: 33437 aSbarigia Claudia e(soggetto)gCodice Soggetto 2° SPICS: 33436